| 000 | 00905nam0a22002411 4500 | ||
|---|---|---|---|
| 001 | rc\387501 | ||
| 005 | 20250621065428.0 | ||
| 035 | _a(NLR Aleph) 005637607 | ||
| 090 |
_a6634205 _c6634205 |
||
| 100 | _a20030616d1989 |||y0rusy50 ca | ||
| 101 | 0 | _arus | |
| 102 | _aRU | ||
| 105 | _aa ||||||||| | ||
| 200 | 1 |
_aШахматы, шашки в БССР _eИнформ.-метод. сб. Гос. ком. БССР по физ. культуре и спорту, респ. федераций шахмат и шашек _fРедкол.: В. Купрейчик (ред.) и др. |
|
| 210 |
_aМинск _cПолымя _d1989 |
||
| 215 |
_a16, [1] с. _cил. _d29 |
||
| 702 | 1 |
_aКупрейчик _bВ.Д. _gВиктор Давыдович _4340 |
|
| 712 | 0 | 2 | _aФедерация шахмат БССР |
| 801 | 0 |
_aRU _bNLR _gpsbo |
|
| 801 | 1 |
_aRU _bELAR _2rusmarc |
|
| 852 |
_aNLR _j89-8/702 |
||
| 942 | _cBOOK | ||
| 980 | _aNB | ||